Partial differential equations in fluid dynamics / (رقم التسجيلة. 21649)

تفاصيل مارك
000 -الفاتح
حقل البيانات ثابتة الطول 01381cam a2200337 a 4500
001 - رقم الضبط
رقم الضبط 15237563
003 - محدد رقم الضبط
رقم الضبط OSt
005 - وقت وتاريخ اخر تعامل مع التسجيلة
رقم الضبط 20150408114016.0
008 - عناصر البيانات ثابتة الطول - معلومات عامة
حقل البيانات ثابتة الطول 080328s2008 enka b 001 0 eng
010 ## - رقم ضبط مكتبة الكونجرس
رقم ضبط مكتبة الكونجرس 2008014569
015 ## - رقم الببليوجرافية الوطنية
رقم الببليوجرافية الوطنية GBA877736
المصدر bnb
016 7# - رقم ضبط الوكاله الوطنية للضبط الببليوجرافي
رقم ضبط التسجيلة 014646780
المصدر Uk
020 ## - الرقم الدولى المعيارى للكتب
الرقم الدولى المعيارى للكتاب 9780521888240 (hardcover)
020 ## - الرقم الدولى المعيارى للكتب
الرقم الدولى المعيارى للكتاب 0521888247 (hardcover)
035 ## - رقم ضبط النظام
رقم ضبط النظام (OCoLC)ocn213400640
035 ## - رقم ضبط النظام
رقم ضبط النظام (OCoLC)213400640
040 ## - مصدر الفهرسة
وكالة الفهرسة الأصلية DLC
وكالة النسخ DLC
وكالة التعديل YDXCP
-- BTCTA
-- BAKER
-- OCLCQ
-- OCLCA
-- OCLCQ
-- UKM
-- C#P
-- BWX
-- CDX
-- DLC
050 00 - رقم طلب مكتبة الكونجرس
رقم التصنيف TA357
رقم المادة .H43 2008
082 00 - رقم تصنيف ديوى العشرى
رقم التصنيف 532.05
رقم الطبعة 22
100 1# - المدخل الرئيسى - إسم شخصى
الإسم الشخصى Herron, Isom H.,
التواريخ المصاحبة للاسم 1946-
9 (RLIN) 13171
245 10 - بيان العنوان
العنوان Partial differential equations in fluid dynamics /
بيان المسئوليه,etc Isom H. Herron, Michael R. Foster.
260 ## - PUBLICATION, DISTRIBUTION, ETC. (IMPRINT)
مكان الناشر او الموزع Cambridge ;
-- New York :
اسم الناشر او الموزع Cambridge University Press,
تاريخ النشر أو التوزيع 2008.
300 ## - الوصف المادى
التعداد xiii, 282 p. :
تفاصيل ماديه اخرى للوعاء ill. ;
أبعاد الوعاء 27 cm.
504 ## - تبصرة ببليوجرافية
تبصرة ببليوجرافية,الخ Includes bibliographical references and index.
650 #0 - المدخل الاضافى بالموضوع-مصطلح موضوعى
مصطلح موضوعي أو اسم جغرافي كعنصر مدخل Fluid dynamics
التقسيم الفرعي العام Mathematics
التقسيم الفرعي الشكلي Textbooks.
9 (RLIN) 9815
650 #0 - المدخل الاضافى بالموضوع-مصطلح موضوعى
مصطلح موضوعي أو اسم جغرافي كعنصر مدخل Differential equations, Partial
التقسيم الفرعي الشكلي Textbooks.
9 (RLIN) 13172
700 1# - المدخل الاضافى - اسم شخصى
الإسم الشخصى Foster, Michael R.,
التواريخ المصاحبة للاسم 1943-
9 (RLIN) 13173
856 41 - الوصول و الموقع الالكترونى
مواد محددة Table of contents only
معرف المصدر الموحد <a href="http://www.loc.gov/catdir/toc/ecip0814/2008014569.html">http://www.loc.gov/catdir/toc/ecip0814/2008014569.html</a>
942 ## - عناصر المدخل الإضافي( كوها)
مصدر التصنيف او مخطط الترفيف Dewey Decimal Classification
Koha [default] item type كتاب
المقتنيات
حالة الفقد نموذج السعر الفعال حالة تلف ليس للاعارة رقم الطلب تاريخ الاكتساب الموقع الحالي الباركود الفرع الرئيسي Date last seen نوع المادة فى نظام كوها مصدر التصنيف او خطة الترفيف Total Checkouts
  2013-03-10     532.05 H I P 2012-05-10 المكتبة المركزية بالمجمعة (CL) 00086175 المكتبة المركزية بالمجمعة (CL) 2013-03-10 كتاب Dewey Decimal Classification  
  2013-03-10     532.05 H I P 2012-05-10 المكتبة المركزية بالمجمعة (CL) 00086176 المكتبة المركزية بالمجمعة (CL) 2013-03-10 كتاب Dewey Decimal Classification  
  2013-03-10     532.05 H I P 2012-05-10 المكتبة المركزية بالمجمعة (CL) 00086177 المكتبة المركزية بالمجمعة (CL) 2013-03-10 كتاب Dewey Decimal Classification